000
00310nam a2200133Ia 4500
008
220216s9999 xx 000 0 und d
100
_a
Chen Tan See
245
0
_a
Risk management in NR trade
260
_b
Rubber Asia
_c
1999
300
_a
29-31
650
_a
NR trade
650
_a
Rubber price
942
_c
JS
999
_c
67118
_d
67118